<?xml version="1.0" encoding="UTF-8"?>
<record
    xmlns:xsi="http://www.w3.org/2001/XMLSchema-instance"
    xsi:schemaLocation="http://www.loc.gov/MARC21/slim http://www.loc.gov/standards/marcxml/schema/MARC21slim.xsd"
    xmlns="http://www.loc.gov/MARC21/slim">

  <leader>01775nam a2200253Ia 4500</leader>
  <controlfield tag="003">OSt</controlfield>
  <controlfield tag="005">20241024154540.0</controlfield>
  <controlfield tag="008">200819s9999||||xx |||||||||||||| ||und||</controlfield>
  <datafield tag="040" ind1=" " ind2=" ">
    <subfield code="c">GETS</subfield>
  </datafield>
  <datafield tag="041" ind1=" " ind2=" ">
    <subfield code="a">chi</subfield>
    <subfield code="h">eng</subfield>
  </datafield>
  <datafield tag="050" ind1=" " ind2=" ">
    <subfield code="a">HQ755.85 </subfield>
    <subfield code="b">.W57 1994</subfield>
  </datafield>
  <datafield tag="245" ind1=" " ind2="0">
    <subfield code="a">&#x4ED6;&#x5011;&#x505A;&#x5C0D;&#x4E86;: </subfield>
    <subfield code="b">&#x4E94;&#x5341;&#x4E94;&#x4F4D;&#x540D;&#x4EBA;&#x8AC7;&#x7239;&#x5A18; /</subfield>
    <subfield code="c">&#x845B;&#x8389;&#x4E9E; (Gloria Gaither) &#x7DE8; ; &#x694A;&#x9AD8;&#x4FD0;&#x7406;&#x8B6F;</subfield>
  </datafield>
  <datafield tag="246" ind1=" " ind2=" ">
    <subfield code="a">&#x4ED6;&#x4EEC;&#x505A;&#x5BF9;&#x4E86; :</subfield>
    <subfield code="b">&#x4E94;&#x5341;&#x4E94;&#x4F4D;&#x540D;&#x4EBA;&#x8C08;&#x7239;&#x5A18;/</subfield>
  </datafield>
  <datafield tag="260" ind1=" " ind2=" ">
    <subfield code="a">Rosemead : </subfield>
    <subfield code="b">&#x53F0;&#x798F;&#x50B3;&#x64AD;&#x4E2D;&#x5FC3;, </subfield>
    <subfield code="c">1994</subfield>
  </datafield>
  <datafield tag="300" ind1=" " ind2=" ">
    <subfield code="a">356 p. :</subfield>
    <subfield code="b">por. ;</subfield>
    <subfield code="c">22 cm.</subfield>
  </datafield>
  <datafield tag="500" ind1=" " ind2=" ">
    <subfield code="a">Translation of: &#xA0;What my parents did right.</subfield>
  </datafield>
  <datafield tag="505" ind1=" " ind2=" ">
    <subfield code="a">&#x9019;&#x662F;&#x4E00;&#x672C;&#x7531;&#x4E94;&#x5341;&#x4E94;&#x4F4D;&#x77E5;&#x540D;&#x4EBA;&#x58EB;&#x8B1B;&#x8FF0;&#x4ED6;&#x5011;&#x7236;&#x6BCD;&#x7684;&#x66F8;&#x3002;&#x9019;&#x4E9B;&#x4E8B;&#x696D;&#x6709;&#x6210;&#x4E4B;&#x540D;&#x4EBA;&#xFF0C;&#x5728;&#x601D;&#x60F3;&#x4ECA;&#x65E5;&#x7684;&#x6210;&#x5C31;&#x6642;&#xFF0C;&#x90FD;&#x4E0D;&#x7981;&#x8981;&#x70BA;&#x4ED6;&#x5011;&#x64C1;&#x6709;&#x300C;&#x505A;&#x5C0D;&#x4E86;&#x300D;&#x7684;&#x7236;&#x6BCD;&#x611F;&#x6069;&#xFF0C;&#x4EE5;&#x81F4;&#x4ED6;&#x5011;&#x5728;&#x7236;&#x6BCD;&#x826F;&#x597D;&#x7684;&#x5F71;&#x97FF;&#x4E0B;&#xFF0C;&#x88AB;&#x5851;&#x9020;&#x6210;&#x70BA;&#x4ECA;&#x5929;&#x7A4D;&#x6975;&#x7684;&#x4EBA;&#x751F;&#x89C0;&#x3002;&#x9019;&#x4E9B;&#x7236;&#x6BCD;&#xFF0C;&#x6709;&#x6210;&#x9577;&#x65BC;&#x826F;&#x597D;&#x80CC;&#x666F;&#x7684;&#x5E78;&#x798F;&#x5BB6;&#x5EAD;&#xFF0C;&#x6709;&#x906D;&#x9047;&#x60B2;&#x6158;&#x88AB;&#x4EBA;&#x907A;&#x68C4;&#x7684;&#x55AE;&#x89AA;&#x6BCD;&#x89AA;&#xFF0C;&#x6709;&#x751F;&#x610F;&#x5931;&#x6557;&#x751F;&#x6D3B;&#x6F66;&#x5012;&#x7684;&#x7236;&#x89AA;&#x7B49;&#x7B49;&#xFF0C;&#x7121;&#x8AD6;&#x4ED6;&#x5011;&#x524D;&#x534A;&#x751F;&#x7684;&#x906D;&#x9047;&#x5982;&#x4F55;&#xFF0C;&#x4ED6;&#x5011;&#x90FD;&#x70BA;&#x4E86;&#x5B50;&#x5973;&#x80FD;&#x6709;&#x5065;&#x5EB7;&#x7684;&#x6210;&#x9577;&#xFF0C;&#x800C;&#x5747;&#x80FD;&#x4E0D;&#x8B93;&#x904E;&#x53BB;&#x5DE6;&#x53F3;&#x81EA;&#x5DF1;&#x7684;&#x60C5;&#x7DD2;&#xFF0C;&#x4E0D;&#x8B93;&#x5B69;&#x5B50;&#x627F;&#x53D7;&#x81EA;&#x5DF1;&#x904E;&#x53BB;&#x4E0D;&#x6109;&#x5FEB;&#x7684;&#x6B77;&#x53F2;&#x5305;&#x88B1;&#x3002; 

&#x3000;&#x3000;&#x4ED6;&#x5011;&#x80FD;&#x5982;&#x6B64;&#xFF0C;&#x5927;&#x591A;&#x662F;&#x56E0;&#x70BA;&#x4ED6;&#x5011;&#x5747;&#x80FD;&#x628A;&#x57FA;&#x7763;&#x4FE1;&#x4EF0;&#x5E36;&#x5165;&#x5BB6;&#x4E2D;&#xFF0C;&#x8B93;&#x8056;&#x7D93;&#x7684;&#x771F;&#x7406;&#x6210;&#x70BA;&#x4ED6;&#x5011;&#x500B;&#x4EBA;&#x751F;&#x547D;&#x7684;&#x6307;&#x6A19;&#xFF0C;&#x6210;&#x70BA;&#x4ED6;&#x5011;&#x6559;&#x5C0E;&#x5152;&#x5973;&#x7684;&#x85CD;&#x5716;&#x3002;&#x662F;&#x4E00;&#x672C;&#x4EE5;&#x5BE6;&#x4F8B;&#x4F86;&#x6559;&#x5C0E;&#x4FE1;&#x5F92;&#x5982;&#x4F55;&#x6210;&#x70BA;&#x597D;&#x7236;&#x6BCD;&#x7684;&#x597D;&#x66F8;&#x3002;&#x7576;&#x4E2D;&#x7684;&#x7236;&#x6BCD;&#xFF0C;&#x6709;&#x4E0D;&#x5C11;&#x662F;&#x50B3;&#x9053;&#x4EBA;&#x6216;&#x7267;&#x5E2B;&#xFF0C;&#x53EF;&#x4EE5;&#x7D66;&#x8EAB;&#x70BA;&#x7267;&#x8005;&#x7684;&#x7236;&#x6BCD;&#x5F88;&#x597D;&#x7684;&#x53C3;&#x8003;&#x3002; </subfield>
  </datafield>
  <datafield tag="650" ind1=" " ind2=" ">
    <subfield code="a">Moral development United States.</subfield>
  </datafield>
  <datafield tag="650" ind1=" " ind2=" ">
    <subfield code="a">Parent and child United States.</subfield>
  </datafield>
  <datafield tag="650" ind1=" " ind2=" ">
    <subfield code="a">Parenting Religious aspects Christianity.</subfield>
  </datafield>
  <datafield tag="700" ind1=" " ind2=" ">
    <subfield code="a">Gaither, Gloria </subfield>
  </datafield>
  <datafield tag="700" ind1=" " ind2=" ">
    <subfield code="a">&#x694A;&#x9AD8;&#x4FD0;&#x7406;</subfield>
  </datafield>
  <datafield tag="942" ind1=" " ind2=" ">
    <subfield code="c">CB</subfield>
    <subfield code="2">ddc</subfield>
  </datafield>
  <datafield tag="952" ind1=" " ind2=" ">
    <subfield code="0">0</subfield>
    <subfield code="1">0</subfield>
    <subfield code="2">LCC</subfield>
    <subfield code="4">0</subfield>
    <subfield code="7">0</subfield>
    <subfield code="a">GETS</subfield>
    <subfield code="b">GETS</subfield>
    <subfield code="c">GEN</subfield>
    <subfield code="d">2020-07-12</subfield>
    <subfield code="l">1</subfield>
    <subfield code="m">1</subfield>
    <subfield code="o">HQ755.85 .W57 1994&#xA0;</subfield>
    <subfield code="p">00000565</subfield>
    <subfield code="r">2022-04-04 00:00:00</subfield>
    <subfield code="s">2022-02-23</subfield>
    <subfield code="t">c. 2</subfield>
    <subfield code="w">2020-07-12</subfield>
    <subfield code="y">CB</subfield>
  </datafield>
  <datafield tag="952" ind1=" " ind2=" ">
    <subfield code="0">0</subfield>
    <subfield code="1">0</subfield>
    <subfield code="2">LCC</subfield>
    <subfield code="4">0</subfield>
    <subfield code="7">0</subfield>
    <subfield code="a">GETS</subfield>
    <subfield code="b">GETS</subfield>
    <subfield code="c">GEN</subfield>
    <subfield code="d">2020-08-19</subfield>
    <subfield code="l">1</subfield>
    <subfield code="m">1</subfield>
    <subfield code="o">HQ755.85 .W57 1994</subfield>
    <subfield code="p">00003867</subfield>
    <subfield code="r">2022-04-04 00:00:00</subfield>
    <subfield code="s">2022-02-23</subfield>
    <subfield code="w">2020-08-19</subfield>
    <subfield code="y">CB</subfield>
  </datafield>
  <datafield tag="999" ind1=" " ind2=" ">
    <subfield code="c">612</subfield>
    <subfield code="d">612</subfield>
  </datafield>
</record>
